00947nam0a22002171 4500001001000000005001700010035002600027100004100053101000800094102000700102105001800109200028000127210004600407215002300453320004200476702006700518712008500585801001800670801002200688852001900710rc\91410220260407101821.0 a(NLR Aleph) 006088557 a20041129d1982 |||y0rusy50 ca0 arus aRU aa |||||||||1 aАнализ нормальных и аварийных режимов электроэнергетических системeСб. науч. тр.fАН УССР, Ин-т электродинамикиg[Редкол.: Л.В. Цукерник (отв. ред.) и др.] aКиевcНаукова думкаd1982 a119 с.cил.d20 aБиблиогр. в конце ст. 1aЦукерникbЛ.В.gЛев Вениаминович434002aИнститут электродинамикиcКиев3RU\NLR\AUTH\889929386 0aRUbNLRgpsbo 1aRUbELAR2rusmarc aNLRj83-3/6206